Odmeňovanie ako motivačný faktor pre inovačný proces

Analýza odmeňovania ako motivačného faktora v rámci inovačných procesov v subjektoch slovenskej ekonomiky. Analýza a identifikácia determinujúceho legislatívneho rámca, podstaty odmeňovania, motivácie a systému odmeňovania pre účely inovačného procesu. Konkrétne javové formy a atribúty systému odmeň...

ver descrição completa

Na minha lista:
Detalhes bibliográficos
Autor principal: Kubík, Peter, 1978-
Outros Autores: Dubcová, Gabriela, 1968-
Formato: Capítulo de Livro
Idioma:eslovaco
Assuntos:
Tags: Adicionar Tag
Sem tags, seja o primeiro a adicionar uma tag!

MARC

LEADER 00000naa$a2200000$$$4500
001 0270476
005 20240502074234.8
041 0 |a slo 
044 |a SK 
245 1 0 |a Odmeňovanie ako motivačný faktor pre inovačný proces  |c Peter Kubík, Gabriela Dubcová 
520 |a Analýza odmeňovania ako motivačného faktora v rámci inovačných procesov v subjektoch slovenskej ekonomiky. Analýza a identifikácia determinujúceho legislatívneho rámca, podstaty odmeňovania, motivácie a systému odmeňovania pre účely inovačného procesu. Konkrétne javové formy a atribúty systému odmeňovania. Komplexnosť a integrálnosť špecifických atribútov systému odmeňovania. 
610 2 0 |a odmeňovanie 
610 2 0 |a motivácia pracovná 
610 2 0 |a zdroje ľudské 
610 2 0 |a kapitál ľudský 
610 2 0 |a inovácie sociálne 
610 2 0 |a personalistika 
610 2 0 |a Slovensko 
610 2 0 |a Európska únia 
100 1 |a Kubík, Peter, 1978- 
700 1 |a Dubcová, Gabriela, 1968-